Grundagen der Hydromechanik
Αποθηκεύτηκε σε:
| Κύριος συγγραφέας: | |
|---|---|
| Μορφή: | Βιβλίο |
| Γλώσσα: | German |
| Δημοσίευση: |
Berlin :
Verlag von Julius Springer,
1968
|
| Σειρά: | Grundlehren der mathematischen Wissenschaften in Einzeldarstellungen mit besonderer Berucksichtigung der Anwendungsgebiete ;
; 30 |
| Θέματα: | |
| Ετικέτες: |
Προσθήκη ετικέτας
Δεν υπάρχουν, Καταχωρήστε ετικέτα πρώτοι!
|
MARC
| LEADER | 00000nam a2200000 i 4500 | ||
|---|---|---|---|
| 001 | 1/51136 | ||
| 008 | 980818s1968 ger d | ||
| 035 | |l 10044062 | ||
| 040 | |a GR-MY-UA |b gre |e aacr | ||
| 041 | 0 | |a ger | |
| 082 | 0 | |a 532 | |
| 100 | 1 | |a Lichtenstein, Leon |d b. 1878. | |
| 245 | 1 | 0 | |a Grundagen der Hydromechanik / |c von Leon Lichtenstein |
| 260 | |a Berlin : |b Verlag von Julius Springer, |c 1968 | ||
| 300 | |a xvi, 509 p.; |c 24 cm. | ||
| 490 | 1 | |a Grundlehren der mathematischen Wissenschaften in Einzeldarstellungen mit besonderer Berucksichtigung der Anwendungsgebiete |v ; 30 | |
| 500 | |a Includes index and bibliography | ||
| 650 | 0 | 0 | |a Fluid mechanics. |
| 830 | 0 | |a Grundlehren der mathematischen Wissenschaften in Einzeldarstellungen mit besonderer Berucksichtigung der Anwendungsgebiete ; |v ; 30 | |
| 852 | |a INST |b SAMOS |e 19980818 |h 532 LIC |p 005300010609 |q 005300010609 |t BK |y 0 | ||
| 901 | |a BIBL-1998-2 | ||
| 909 | |a Σ |b 041591 | ||
| 922 | |a 3ΕΛΗ |b 199808 |c ΒΙΒΛΙΟΘΗΚΗ |d ΚΩΣΤΑΡΑΚΗΣ | ||